[Event "Turtle Speed # 34"]
[Site "SchemingMind.com"]
[Date "2009.04.22"]
[Round "-"]
[White "George Remias"]
[Black "Clive Everill"]
[Result "0-1"]
[WhiteCountry "USA"]
[BlackCountry "CZE"]
[WhiteElo "1537"]
[WhiteRD "112"]
[BlackElo "1659"]
[BlackRD "48"]
[GameID "201401"]

1. e4 a6 2. c4 c6 3. c5 e5 4. Nf3 Qc7 5. d4 exd4 6. Qxd4 Nf6 7. g3 d5 8. cxd6 Qxd6 9. Qxd6 Bxd6 10. e5 Bb4+
11. Bd2 Bxd2+ 12. Nbxd2 Nd5 13. Bd3 Bh3 14. Ng5 Bg4 15. Bxh7 g6 16. h3 Bd7 17. Nde4 b5 18. h4 Bf5 19. Nd6+ Ke7 20. Nxf5+ gxf5
21. Bxf5 Nd7 22. Nf3 N5b6 23. O-O Rag8 24. Rfe1 Nf8 25. Re4 Ne6 26. Nd4 c5 27. Nc6+ Kd7 28. Na5 Rh5 29. Rd1+ Kc7 30. Nb3 Rxf5
31. Rd3 c4 32. Rc3 Kb7 33. Nc1 b4 34. Rce3 Nd5 35. Re1 Rc8 36. Ne2 a5 37. Kg2 Rh5 38. Rd1 Nb6 39. Re3 Rg8 40. Re4 Nc5
41. Rf4 Rxe5 42. Rxf7+ Kc8 43. Nd4 Nd3 44. b3 Nb2 45. Rd2 c3 46. Rc2 Re4 47. Nf3 Nd3 48. Kf1 Rge8 49. a3 Ne1 50. Nxe1 Rxe1+
51. Kg2 R8e5 52. Rf3 Ra1 53. axb4 axb4 54. g4 Ree1 55. h5 Rh1 56. Rf8+ Kb7 57. Rf4 Rag1+ 58. Kf3 Rh3+ 59. Ke4 Re1+ 60. Kf5 Nd5
61. Re4 Rb1 62. Rd4 Kc6 63. Ke4 Re1+ 64. Kf5 Rf3+ 65. Kg5 Kc5 66. Rc4+ Kb5 67. Rc8 Re5+ 68. Kh4 Nf4 69. g5 Nd3 70. Rb8+ Kc6
71. Rc8+ Kb7 72. Rc4 Nxf2 73. Rxb4+ Ka6 74. Ra2+ Ra5 75. Rxa5+ Kxa5 76. g6 Rh3+ 77. Kg5 Rg3+ 78. Kh4 Kxb4 79. Kxg3 c2 80. Kxf2 c1=Q
81. g7 Qb2+ 82. Ke3 Qxg7
0-1